| 000 | 01129cam a2200289 a 4500 | ||
|---|---|---|---|
| 999 |
_c2236 _d2236 |
||
| 001 | (Sirsi) a714005 | ||
| 003 | OSt | ||
| 005 | 20230405085026.0 | ||
| 008 | 110901r20112010enk c 000 1 eng d | ||
| 020 | _a9780440868347 (pbk.) : | ||
| 040 |
_aTAE _beng _cTAE _dKH8 |
||
| 042 | _anbic | ||
| 082 | 0 | _a823.914 WIL | |
| 100 | 1 |
_aWilson, Jacqueline. _eauthor |
|
| 245 | 1 | 0 |
_aLittle darlings / _cJacqueline Wilson ; illustrated by Nick Sharratt. |
| 260 |
_aLondon : _bYearling, _c2011, c2010. |
||
| 300 |
_a402 p. ; _c20 cm. |
||
| 500 | _aOriginally published: LondonL: Doubleday, 2010. | ||
| 520 | _aSunset lives a life of luxury with her beautiful ex-model mum, her world-famous ex-rocker dad and two little celeb siblings. But life on the red carpet is no compensation for rowing parents, constant nagging, intensive media scrutiny and no real friends. | ||
| 521 | 1 | _a9-12. | |
| 650 | 0 |
_aChildren of the rich _vJuvenile fiction. |
|
| 650 | 0 |
_aPoor children _vJuvenile fiction. |
|
| 650 | 0 |
_aFemale friendship _vJuvenile fiction. |
|
| 655 | 0 | _aChildren's stories. | |
| 700 | 1 |
_aSharratt, Nick. _eIll |
|
| 942 |
_2ddc _cNFIC |
||